| 000 | 00370nmm a2200133Ia 4500 | ||
|---|---|---|---|
| 008 | 251105s9999||||xx |||||||||||||||||und|| | ||
| 041 | _acat | ||
| 100 | _aSimó, Rafel | ||
| 245 | 0 | _aMar, gel i cel (diari antàrtic) | |
| 264 |
_a[Madrid, España] : _bNúvol, _c2018 |
||
| 300 | _a97 páginas | ||
| 856 | _uhttps://public.digitaliapublishing.com/a/96844 | ||
| 942 | _cCF | ||
| 999 |
_c106575 _d106575 |
||